00278 a2200109 4500000002500000100002100025110002100046245002200067250001900089260003000108264003000138 nam a22 7a 4500 aAbrahan, George  aAbrahan, George  aPhysical Litrracy aLatest edition bKhel Sahitya Kendrac2025 bKhel Sahitya Kendrac2025